<?xml version="1.0" encoding="UTF-8"?>
<record
    xmlns:xsi="http://www.w3.org/2001/XMLSchema-instance"
    xsi:schemaLocation="http://www.loc.gov/MARC21/slim http://www.loc.gov/standards/marcxml/schema/MARC21slim.xsd"
    xmlns="http://www.loc.gov/MARC21/slim">

  <leader>01861nam a2200265 a 4500</leader>
  <controlfield tag="001">3108</controlfield>
  <controlfield tag="003">CO-ViMGA</controlfield>
  <controlfield tag="008">141112s2004    ck      r     000 u spa d</controlfield>
  <datafield tag="020" ind1=" " ind2=" ">
    <subfield code="a">8432911291</subfield>
  </datafield>
  <datafield tag="040" ind1=" " ind2=" ">
    <subfield code="a">CO-ViMGA</subfield>
    <subfield code="b">spa</subfield>
    <subfield code="c">CO-ViMGA</subfield>
  </datafield>
  <datafield tag="082" ind1="0" ind2="4">
    <subfield code="a">R629.23 B415</subfield>
  </datafield>
  <datafield tag="245" ind1="1" ind2="0">
    <subfield code="a">Biblioteca Ceac del automovil</subfield>
  </datafield>
  <datafield tag="260" ind1=" " ind2=" ">
    <subfield code="a">Barcelona : </subfield>
    <subfield code="b">Ceac, </subfield>
    <subfield code="c">1988</subfield>
  </datafield>
  <datafield tag="300" ind1=" " ind2=" ">
    <subfield code="a">27 v : il</subfield>
  </datafield>
  <datafield tag="500" ind1=" " ind2=" ">
    <subfield code="a">Solicitar el ejemplar de la tabla de contenido.</subfield>
  </datafield>
  <datafield tag="505" ind1=" " ind2=" ">
    <subfield code="a">En colecci&#xF3;n V.1 - 4, 9 - 10, 15 - 17, 20 Contenido : V.1, La direcci&#xF3;n/J. Dur&#xE1;n; V.2, Trabajos de motores de cuatro tiempos/M. de Castro; V.3, Puesta apunto de motores/N.C; V.4, La distribuci&#xF3;n/Ruigi; V.6, Carburadores/M.C; V.7, Preparaci&#xF3;n de motores de competici&#xF3;n/Ruigi; V.8, Bombas de inyectaci&#xF3;n diesel/Miralles; V.9, Sobrealimentaci&#xF3;n de motores/J.M; V.10, Reparaci&#xF3;n de carrocerias/J.M; V.11, Tecnologia de los circuitos hidr&#xE1;ulicos/Groote; V.12, Manual de reallyes/Benito; V.13, La radio en el automovil/Noskovaks; V.14, Tractores/Gaudilla; V.15, Peque&#xF1;as reaparaciones y mantenimiento del automovil/Barber; V.16, Turbo sobre alimentaci&#xF3;n de motores r&#xE1;pidos/Miralles; V.17, Motores diesel para camiones y automoviles; V.18, Trucos del oficio del mec&#xE1;nico de automoviles/M.C; V.19, Inyecci&#xF3;n de gasolina/M.C; V.20, Vehiculos todo terreno 4X4/M.C; V.21, Ordenadores de a bordo/M.C; V.22, Equipos de sonido en el automovil; V.23, Dispositivos; V.25, Motores diesel para automoviles; V.26, Organizaci&#xF3;n del taller del automovil; V.27, Contabilidad formalizada en el taller del automovil</subfield>
  </datafield>
  <datafield tag="650" ind1="1" ind2="4">
    <subfield code="a">AUTOMOVILES - ENCICLOPEDIAS</subfield>
    <subfield code="9">6204</subfield>
  </datafield>
  <datafield tag="650" ind1="1" ind2="4">
    <subfield code="a">CARBURACION</subfield>
    <subfield code="9">6205</subfield>
  </datafield>
  <datafield tag="650" ind1="1" ind2="4">
    <subfield code="a">ELECTRICIDAD AUTOMOTRIZ</subfield>
    <subfield code="9">6206</subfield>
  </datafield>
  <datafield tag="650" ind1="1" ind2="4">
    <subfield code="a">INGENIERIA MECANICA</subfield>
    <subfield code="9">6207</subfield>
  </datafield>
  <datafield tag="650" ind1="1" ind2="4">
    <subfield code="a">MECANICA AUTOMOTRIZ</subfield>
    <subfield code="9">6208</subfield>
  </datafield>
  <datafield tag="650" ind1="1" ind2="4">
    <subfield code="a">MOTORES A GASOLINA</subfield>
    <subfield code="9">6209</subfield>
  </datafield>
  <datafield tag="650" ind1="1" ind2="4">
    <subfield code="a">MOTORES DIESEL</subfield>
    <subfield code="9">6210</subfield>
  </datafield>
  <datafield tag="942" ind1=" " ind2=" ">
    <subfield code="2">ddc</subfield>
    <subfield code="c">BK</subfield>
  </datafield>
  <datafield tag="999" ind1=" " ind2=" ">
    <subfield code="c">15162</subfield>
    <subfield code="d">15162</subfield>
  </datafield>
</record>
